00414 2200169 4500001002100000008004100021035002000062245003500082100001400117260002400131300002000155020002200175084001400197082000800211650001000219990001500229INLIS000000000003245 ind  a0010-1225000066 aSemua Ikan di LangitcZiggy Z. aZ., Ziggy aJakarta :bGramedia a216c13,5x20 cm a978-602-3758-06-7 a813 ZIG s a813 aFiksi a19720/B/26